Ajustamento e Crescimento na Actual Conjuntura Economica Mundial : Trabalhos Apresentados no Seminario "Ajustamento e Crescimento na Actual Conjuntura Economica Mundial", Realizado no Estoril, Portugal, de 6 a 19 de Janeiro de 1985, Copatrocinado pelo Banco de Portugal e Fundo Monetario Internacional.

This book published only in Portuguese, covers the proceedings of a seminar on Adjustment and Growth in the Current World Economic Environment, sponsored jointly by the Banco de Portugal and the IMF, held in Estoril, Portugal.

Bibliografische gegevens
Coauteur: International Monetary Fund
Formaat: Tijdschrift
Taal:English
Gepubliceerd in: Washington, D.C. : International Monetary Fund, 1985.
Onderwerpen:
Online toegang:Full text available on IMF
LEADER 01790cas a2200229 a 4500
001 AALejournalIMF004917
008 230101c9999 xx r poo 0 0eng d
020 |z 9780939934478 
040 |a BD-DhAAL  |c BD-DhAAL 
110 2 |a International Monetary Fund. 
240 1 0 |a Ajustamento e Crescimento na Actual Conjuntura Economica Mundial: Trabalhos Apresentados no Seminario "Ajustamento e Crescimento na Actual Conjuntura Economica Mundial", Realizado no Estoril, Portugal, de 6 a 19 de Janeiro de 1985, Copatrocinado pelo Banco de Portugal e Fundo Monetario Internacional.  |l Portuguese 
245 1 0 |a Ajustamento e Crescimento na Actual Conjuntura Economica Mundial :   |b Trabalhos Apresentados no Seminario "Ajustamento e Crescimento na Actual Conjuntura Economica Mundial", Realizado no Estoril, Portugal, de 6 a 19 de Janeiro de 1985, Copatrocinado pelo Banco de Portugal e Fundo Monetario Internacional. 
264 1 |a Washington, D.C. :  |b International Monetary Fund,  |c 1985. 
300 |a 1 online resource (215 pages) 
500 |a <strong>Off-Campus Access:</strong> No User ID or Password Required 
500 |a <strong>On-Campus Access:</strong> No User ID or Password Required 
506 |a Electronic access restricted to authorized BRAC University faculty, staff and students 
520 3 |a This book published only in Portuguese, covers the proceedings of a seminar on Adjustment and Growth in the Current World Economic Environment, sponsored jointly by the Banco de Portugal and the IMF, held in Estoril, Portugal. 
538 |a Mode of access: Internet 
650 7 |a Central Banks and Their Policies  |2 imf 
650 7 |a Foreign Exchange  |2 imf 
856 4 0 |z Full text available on IMF  |u http://elibrary.imf.org/view/books/071/00143-9780939934478-pt/00143-9780939934478-pt-book.xml  |z IMF e-Library